El inconsciente óptico

Uloženo v:
Podrobná bibliografie
Hlavní autor: Krauss, Rosalind E (autora)
Médium: Kniha
Jazyk:španělština
Vydáno: Madrid Tecnos 2013
Madrid Alianza 2013
Vydání:2a. ed
Edice:Neo Metropolis
Témata:
Tagy: Přidat tag
Žádné tagy, Buďte první, kdo vytvoří štítek k tomuto záznamu!

MARC

LEADER 00000cam a2200000 a 4500
001 UCE6492
003 CL-VaPUC
008 150416e20130000sp |||||||||||||||||spa|d
020 |a 9788430958016 
082 0 4 |a 701.15  |b KRA  |2 21 
100 |a Krauss, Rosalind E  |e autora  |9 579175 
245 1 3 |a El inconsciente óptico 
250 |a 2a. ed 
300 |a 371 p 
942 |c BK 
945 |d 20150416 10:41:00  |a arojas 
260 |a Madrid  |b Tecnos  |c 2013 
260 |a Madrid  |b Alianza  |c 2013 
650 0 |a Psicología del arte  |9 265264 
650 0 |a Percepción visual  |9 267039 
583 |a last modification  |c 20150416 10:41:00  |k Rodrigo Vera 
490 0 |a Neo Metropolis 
999 |c 358818  |d 358816 
952 |0 0  |1 0  |3 erb  |4 0  |6 701_150000000000000_KRA_2013_2013  |7 0  |8 A  |9 467720  |a BIBARQ  |b BIBARQ  |i 5146011  |l 4  |o 701.15 KRA 2013 2013  |p 5146011  |r 2025-04-03  |s 2025-03-25  |w 2019-11-23  |y BK  |z Catalogado en:20150416  |k ARQ 
952 |0 0  |1 0  |3 erb  |4 0  |6 701_150000000000000_KRA_2013_2013  |7 0  |8 A  |9 467721  |a BIBART  |b BIBART  |i 5160731  |l 4  |o 701.15 KRA 2013 2013  |p 5160731  |r 2025-03-26  |s 2025-03-18  |w 2019-11-23  |y BK  |z Catalogado en:20150529  |k ART